| 000 | 00366 a2200097 4500 | ||
|---|---|---|---|
| 245 | 0 | 0 |
_aOdbiorniki telewizji czarno-biaĆej - Pakowanie, przechowywanie i transport PN-77/T-05206 ark.07 / _cMin. Przem. Maszynowego. |
| 246 | 1 | 3 | _aPN-77/T-05206 ark.07 |
| 246 | 1 | 3 | _a621.397.62.004.3/.4 |
| 260 |
_aWarszawa : _bMin. Przem. Maszynowego, _c1977. |
||
| 300 |
_a2 stron ; _c30 cm. |
||
| 650 | _aPolska norma | ||
| 999 |
_c19635 _d19635 |
||